Mechanics of materials (Record no. 6027)

000 -LEADER
fixed length control field 00600nam a2200229 i 4500
001 - CONTROL NUMBER
control field 6027
003 - CONTROL NUMBER IDENTIFIER
control field BD-DhUET
008 - FIXED-LENGTH DATA ELEMENTS--GENERAL INFORMATION
fixed length control field 770505s1978 nyua 001 0 eng
040 ## - CATALOGING SOURCE
Original cataloging agency DLC
Transcribing agency DLC
Modifying agency BD-DhUET
082 00 - DEWEY DECIMAL CLASSIFICATION NUMBER
Classification number 620.11
Item number HIG/1978
100 ## - MAIN ENTRY--PERSONAL NAME
Personal name Higdon, Archie
245 00 - TITLE STATEMENT
Title Mechanics of materials
250 ## - EDITION STATEMENT
Edition statement 3rd ed.
260 ## - PUBLICATION, DISTRIBUTION, ETC. (IMPRINT)
Place of publication, distribution, etc. New York
Name of publisher, distributor, etc. John Wiley and Sons
Date of publication, distribution, etc. 1978
300 ## - PHYSICAL DESCRIPTION
Extent xiv, 752 p.
Other physical details ill.
Dimensions 24 cm.
504 ## - BIBLIOGRAPHY, ETC. NOTE
Bibliography, etc Includes bibliographies
650 #0 - SUBJECT ADDED ENTRY--TOPICAL TERM
Topical term or geographic name as entry element Strength of materials
700 ## - ADDED ENTRY--PERSONAL NAME
Personal name Ohlsen, Wdward H.
700 ## - ADDED ENTRY--PERSONAL NAME
Personal name Stiles , William B.
700 ## - ADDED ENTRY--PERSONAL NAME
Personal name Weese, John A.
942 ## - ADDED ENTRY ELEMENTS (KOHA)
Koha item type General Book
Holdings
Koha date last seen Not for loan Piece designation (barcode) Koha date last borrowed Location (home branch) Koha collection Copy number Koha full call number Date acquired Price effective from Sublocation or collection (holding branch) Source of classification or shelving scheme Lost status Withdrawn status Damaged status Shelving location Koha normalized classification for sorting Koha item type Koha issues (times borrowed) Koha renewals
2014-11-29 61731 Central Library, BUET 7620.11/HIG/19782014-11-292014-11-29Central Library, BUET    Circulation section620_110000000000000_HIG_1978General Book  
2014-12-02 61725 Central Library, BUET 2620.11/HIG/19782014-12-022014-12-02Central Library, BUET    Circulation section620_110000000000000_HIG_1978General Book  
2014-12-02 61733 Central Library, BUET 3620.11/HIG/19782014-12-022014-12-02Central Library, BUET    Circulation section620_110000000000000_HIG_1978General Book  
2024-02-13 617272019-02-27Central Library, BUET 4620.11/HIG/19782014-12-022014-12-02Central Library, BUET    Circulation section620_000000000000000_11HIG1978General Book11
2014-12-02 61726 Central Library, BUET 5620.11/HIG/19782014-12-022014-12-02Central Library, BUET    Circulation section620_110000000000000_HIG_1978General Book  
2014-12-02 61728 Central Library, BUET 6620.11/HIG/19782014-12-022014-12-02Central Library, BUET    Circulation section620_000000000000000_11HIG1978General Book  
2014-12-02 61730 Central Library, BUET 1620.11/HIG/19782014-12-022014-12-02Central Library, BUET    Circulation section620_000000000000000_11HIG1978General Book  
2014-12-02 61732 Central Library, BUET 8620.11/HIG/19782014-12-022014-12-02Central Library, BUET    Circulation section620_000000000000000_11HIG1978General Book  
2015-01-10 61729 Central Library, BUET 9620.11/HIG/19782015-01-102015-01-10Central Library, BUET    Circulation section620_110000000000000_HIG_1978General Book  
2015-01-28 61734 Central Library, BUETNon Fiction10620.11/HIG/19782015-01-282015-01-28Central Library, BUET    Circulation section620_110000000000000_HIG_1978General Book